Who He Play For? (Big 4 Sports) Quiz Stats

Quiz not verified by Sporcle

Challenge
Share
Tweet
Score 0/20 Timer 06:00
0 Plays Today
% Correct
Minnesota Vikings
93.8%
Denver Broncos
91.5%
Washington Capitals
88.1%
Boston Red Sox
88.1%
Pittsburgh Penguins
85.9%
Oklahoma City Thunder
84.2%
Detroit Tigers
83.1%
Los Angeles Clippers
82.5%
San Diego Chargers
82.5%
Houston Rockets
81.9%
% Correct
Minnesota Timberwolves
80.2%
Detroit Lions
78.5%
Toronto Blue Jays
71.8%
Indiana Pacers
71.8%
Philadelphia Eagles
65.5%
Boston Bruins
55.4%
Arizona Diamondbacks
53.7%
Toronto Maple Leafs
43.5%
Baltimore Orioles
36.7%
Los Angeles Kings
33.3%

You're not logged in!

Compare scores with friends on all Sporcle quizzes.
Sign Up with Email
OR
Log In

You Might Also Like...

Show Comments

Extras

Top Quizzes Today


Score Distribution

Your Account Isn't Verified!

In order to create a playlist on Sporcle, you need to verify the email address you used during registration. Go to your Sporcle Settings to finish the process.